02048cam a22004454i 4500003000900000005001700009008004100026020001800067035002700085040003300112041001300145049000900158082001900167100003300186245009400219264004200313300005600355336002100411337002500432338002300457490002500480505025000505526000900755526000900764526000800773526000800781526000800789546003500797586004000832650005700872650004900929910001900978942001400997949015901011994001401170596000601184999017201190980005501362952018501417PE-LiUPU20250731183336.0140717s2008 mx ao g spa  a9789709726930 a(Sirsi) i9789709726930 aPE-LiUPUbspacPE-LiUPUerda1 aspaaeng aPRUA04a747.272bH22ex1 aHaro, Fernándo de,eautor.10aInteriores mexicanos :bexpresión y funcionalidad /cFernándo de Haro y Omar Fuentes. 1aMéxico, D.F. :bAM Editores,c2008. a181 páginas :bilustraciones ;c29 centímetros. atext2rdacontent aunmediated2rdamedia avolume2rdacarrier0 aInteriores mexicanos0 aMaría Álvarez y Covadonga Hernández -- Juan Carlos Aviles Iguiniz -- Félix Blanco Martinez -- Alejandro Coeto G. y Salvador Nava V -- Fernando de Haro, Jesús Fernández, Omar Fuentes y Bertha Figueroa -- Gina diez Barroso de Franklin. aP158 aP146 aP17 aP12 aP06 aTexto en Español e Inglés. a''Premios AM Editores'' T.p. verso.14aDecoración de interioreszMéxicoxTemas motivos.14aObrasxInteriorismozMéxicovpictóricas. agl20131219cbd 2ddccBOOK a747.272 H22EXwDEWEYc1i69772d2016-3-21e2016-3-16lCCODEBUL1mBULn1p54.00r0sYtBOOKu2015-7-6xINGENIERIAPP060COMPRAo.STAFF. Colección General aC0bPEPRU a1 a747.272 H22EXwDEWEYc6131i69772d6131e2016-3-16f2021-11-10g7lCCODEBUL1mBULn1p54.00r0sYtBOOKu2015-7-6xINGENIERIAPP060COMPRAo.STAFF. Colección General 81gALBERTO SANCHEZ Responsable de Automatización r2025-12-03 00:00:00i8l1o747.272 H22EXp69772s2016-03-16te1v59.00w2015-07-06xFIAyBKzinventario-2023-12-13102ddc50708GENfP06aBULbBULcGENd2015-07-06eCOMPRAg54.00